Normal view
MARC view
Entry Personal Name
001 - CONTROL NUMBER
- control field: 69808
003 - CONTROL NUMBER IDENTIFIER
- control field: dpl
005 - DATE AND TIME OF LATEST TRANSACTION
- control field: 20240809120243.0
008 - FIXED-LENGTH DATA ELEMENTS
- fixed length control field: 240809|| aca||aabn | a|a d
040 ## - CATALOGING SOURCE
- Original cataloging agency: dpl
- Transcribing agency: dpl
100 ## - HEADING--PERSONAL NAME
- Personal name: Tottan, Ken
670 ## - SOURCE DATA FOUND
- Source citation: Work cat.: (dpl)204803: Goold, A.L. 69286, Journeys through the BIBlE LANDS/, 2021
